00438nam a2200157Ia 4500003000400000008004100004040001600045082001300061100001900074245006300093700001700156700002400173260004000197300001000237650003300247GCL140319s9999 xx 000 0 eng d aGCL / cGCL04a965bK G1 aKHALFA, BOULEM10aLA GRANDE AVENTURE D'ALGER REPUBLICAINA / cKHALFA, BOULEM1 aALLEG, HENRI1 aBENZINC, ABDELHAMID a[S.N] : bDAR EL - ITIHAD ، c1989 a263 P04aALGERIA, POLITICAL SITUATION